Touhou Characters are from...... - Statistics

General Stats
  • This quiz has been taken 176 times
  • The average score is 93 of 106
Answer Stats
Question Tile Select % Correct
Embodiment of Scarlet Devil (EoSD) No
100%
Embodiment of Scarlet Devil (EoSD) No
99%
Embodiment of Scarlet Devil (EoSD) No
99%
Embodiment of Scarlet Devil (EoSD) No
99%
Embodiment of Scarlet Devil (EoSD) No
99%
Embodiment of Scarlet Devil (EoSD) No
99%
Embodiment of Scarlet Devil (EoSD) No
99%
Embodiment of Scarlet Devil (EoSD) No
99%
Embodiment of Scarlet Devil (EoSD) Yes
99%
Embodiment of Scarlet Devil (EoSD) No
99%
Embodiment of Scarlet Devil (EoSD) Yes
98%
Embodiment of Scarlet Devil (EoSD) Yes
96%
Embodiment of Scarlet Devil (EoSD) Yes
96%
Perfect Cherry Blossom (PCB) No
96%
Perfect Cherry Blossom (PCB) No
96%
Perfect Cherry Blossom (PCB) No
96%
Perfect Cherry Blossom (PCB) No
96%
Embodiment of Scarlet Devil (EoSD) Yes
95%
Perfect Cherry Blossom (PCB) No
95%
Perfect Cherry Blossom (PCB) No
95%
Embodiment of Scarlet Devil (EoSD) Yes
94%
Perfect Cherry Blossom (PCB) No
94%
Perfect Cherry Blossom (PCB) Yes
94%
Perfect Cherry Blossom (PCB) No
94%
Perfect Cherry Blossom (PCB) Yes
94%
Imperishable Night (IN) No
94%
Imperishable Night (IN) No
94%
Imperishable Night (IN) No
94%
Imperishable Night (IN) Yes
94%
Imperishable Night (IN) No
94%
Imperishable Night (IN) No
94%
Imperishable Night (IN) No
93%
Imperishable Night (IN) No
93%
Embodiment of Scarlet Devil (EoSD) Yes
92%
Perfect Cherry Blossom (PCB) Yes
92%
Perfect Cherry Blossom (PCB) Yes
92%
Imperishable Night (IN) Yes
92%
Imperishable Night (IN) Yes
92%
Imperishable Night (IN) Yes
92%
Imperishable Night (IN) Yes
91%
Mountain of Faith (MoF) No
91%
Mountain of Faith (MoF) No
91%
Mountain of Faith (MoF) No
91%
Mountain of Faith (MoF) No
91%
Highly Responsive to Prayers (HRtP) No
91%
Highly Responsive to Prayers (HRtP) Yes
91%
Phantasmagoria of Flower View (PoFV) No
90%
Mountain of Faith (MoF) Yes
90%
Mountain of Faith (MoF) No
90%
Highly Responsive to Prayers (HRtP) No
90%
Highly Responsive to Prayers (HRtP) No
90%
Perfect Cherry Blossom (PCB) Yes
89%
Perfect Cherry Blossom (PCB) Yes
89%
Perfect Cherry Blossom (PCB) Yes
89%
Imperishable Night (IN) Yes
89%
Imperishable Night (IN) Yes
89%
Phantasmagoria of Flower View (PoFV) No
89%
Mountain of Faith (MoF) No
89%
Mountain of Faith (MoF) Yes
89%
Mountain of Faith (MoF) No
89%
Mountain of Faith (MoF) Yes
89%
Story of Eastern Wonderland (SoEW) No
89%
Story of Eastern Wonderland (SoEW) No
89%
Lotus Land Story (LLS) No
89%
Phantasmagoria of Flower View (PoFV) No
88%
Story of Eastern Wonderland (SoEW) Yes
88%
Perfect Cherry Blossom (PCB) Yes
87%
Phantasmagoria of Flower View (PoFV) No
87%
Phantasmagoria of Flower View (PoFV) No
87%
Mountain of Faith (MoF) No
87%
Mountain of Faith (MoF) No
87%
Story of Eastern Wonderland (SoEW) No
87%
Lotus Land Story (LLS) No
87%
Lotus Land Story (LLS) No
87%
Mystic Square (MS) No
87%
Scarlet Weather Rhapsody (SWR) Yes
87%
Scarlet Weather Rhapsody (SWR) No
87%
Phantasmagoria of Flower View (PoFV) No
86%
Mystic Square (MS) No
86%
Immaterial and Missing Power (IaMP) Yes
86%
Scarlet Weather Rhapsody (SWR) No
86%
Mountain of Faith (MoF) Yes
85%
Lotus Land Story (LLS) No
85%
Mystic Square (MS) Yes
85%
Immaterial and Missing Power (IaMP) No
85%
Immaterial and Missing Power (IaMP) No
85%
Immaterial and Missing Power (IaMP) No
85%
Phantasmagoria of Flower View (PoFV) Yes
84%
Mountain of Faith (MoF) Yes
84%
Phantasmagoria of Flower View (PoFV) No
82%
Phantasmagoria of Flower View (PoFV) Yes
82%
Imperishable Night (IN) No
81%
Phantasmagoria of Flower View (PoFV) Yes
80%
Lotus Land Story (LLS) Yes
80%
Mountain of Faith (MoF) Yes
78%
Lotus Land Story (LLS) Yes
74%
Imperishable Night (IN) No
73%
Phantasmagoria of Flower View (PoFV) Yes
73%
Phantasmagoria of Flower View (PoFV) No
71%
Scarlet Weather Rhapsody (SWR) No
70%
Phantasmagoria of Flower View (PoFV) No
66%
Phantasmagoria of Flower View (PoFV) No
65%
Phantasmagoria of Flower View (PoFV) No
63%
Mountain of Faith (MoF) Yes
63%
Phantasmagoria of Flower View (PoFV) No
60%
Mystic Square (MS) Yes
34%
No matching quizzes found
Score Distribution
Percent of People with Each Score
Percentile by Number Answered
Your Score History
You have not taken this quiz